| 000 | 00683nam a22002057a 4500 | ||
|---|---|---|---|
| 999 |
_c20086 _d20086 |
||
| 003 | AR-CdUCM | ||
| 008 | 190525b ||||| |||| 00| 0 spa d | ||
| 040 |
_aMUNICIPALIDAD PROVINCIAL DEL CUSCO _cBIBLIOTECA MUNICIPAL DEL CUSCO |
||
| 082 |
_22ed. _a344.02 / _bH96 |
||
| 100 |
_aHurtado Pozo José _942022 |
||
| 245 |
_aManual de derecho penal : _bParte general / |
||
| 260 |
_aLima : _bEddili, _c1987. |
||
| 300 |
_a640 páginas ; _c21 cm. |
||
| 505 | _aContenido : Fundamentos generales -- La ley penal -- El delito... | ||
| 650 |
_aDerecho penal _95831 |
||
| 650 |
_aDerecho _9739 |
||
| 650 |
_aDerogación de ley penal _942023 |
||
| 942 |
_2ddc _cLIBROS |
||
| 945 |
_aAndy _d2019-05-25 |
||